000 00299nam a22000977a 4500
082 _a297.63
_bFAU
_cL-39,P-27
100 _aFauz Ur Rehman
_951083
245 _aآنحضرت صلی اللہ علیہ وسلم پحثیت سپہ سالار
526 _a0
_b1
_c0
_d297_630000000000000_FAU
942 _2ddc
_cBK
999 _c553832
_d553832